000
00274nam a2200109Ia 4500
008
190914s9999||||xx |||||||||||||| ||und||
100
_a
Thomas C.Kinnear
245
0
_a
Marketing Research an applied Approach
260
_a
India
_b
Oxford
_c
1993
300
_a
214
942
_c
BK
999
_c
10048
_d
10048